গিডিয়ানের শিঙা : (Record no. 63364)
[ view plain ]
| 000 -LEADER | |
|---|---|
| fixed length control field | 00994nam a2200241 a 4500 |
| 001 - CONTROL NUMBER | |
| control field | 63364 |
| 003 - CONTROL NUMBER IDENTIFIER | |
| rucl marc code | BD-RjUL |
| 005 - DATE AND TIME OF LATEST TRANSACTION | |
| control field | 20211209081205.0 |
| 008 - FIXED-LENGTH DATA ELEMENTS--GENERAL INFORMATION | |
| fixed length control field | 170130s1965 bg ||||| |||| 00| 0 ben d |
| 020 ## - INTERNATIONAL STANDARD BOOK NUMBER | |
| Terms of availability | : Tk 4.00 |
| 035 ## - SYSTEM CONTROL NUMBER | |
| System control number | (BD-RjUL)63493 |
| 040 ## - CATALOGING SOURCE | |
| Original cataloging agency | BD-RjUL |
| Language of cataloging | ben |
| Transcribing agency | BD-RjUL |
| 041 ## - LANGUAGE CODE | |
| Language code of text/sound track or separate title | ben |
| 082 ## - DEWEY DECIMAL CLASSIFICATION NUMBER | |
| Edition number | 23 |
| Classification number | 813 |
| Author mark and year | LUG 1965 |
| 100 ## - MAIN ENTRY--PERSONAL NAME | |
| Personal name | লুইস, এ্যান্থনী |
| 9 (RLIN) | 188557 |
| 245 10 - TITLE STATEMENT | |
| Title | গিডিয়ানের শিঙা : |
| Remainder of title | একটি চাঞ্চল্যকর পাঁপারের মামলার উপাখ্যান / |
| Statement of responsibility, etc. | এ্যান্থনী লুইস |
| 260 ## - PUBLICATION, DISTRIBUTION, ETC. (IMPRINT) | |
| Place of publication, distribution, etc. | ঢাকা : |
| Name of publisher, distributor, etc. | খোশ্রোজ কিতাবমহল, |
| Date of publication, distribution, etc. | ১৯৬৫ |
| 300 ## - PHYSICAL DESCRIPTION | |
| Pagination | ২৩২ পৃ. ; |
| Size | ২১ সেমি. |
| 650 ## - SUBJECT ADDED ENTRY--TOPICAL TERM | |
| Topical term or geographic name as entry element | আমেরিকান উপন্যাস |
| 9 (RLIN) | 170427 |
| Topical term or geographic name as entry element | American Fiction |
| 9 (RLIN) | 185644 |
| 700 ## - ADDED ENTRY--PERSONAL NAME | |
| Personal name | আলী, ফকির জনাব, অনুবাদ |
| 942 ## - ADDED ENTRY ELEMENTS (KOHA) | |
| Source of classification or shelving scheme | Dewey Decimal Classification |
| Koha item type | Books |
| Lost status | Source of classification or shelving scheme | Damaged status | Not for loan | Collection code | Permanent Location | Current Location | Shelving location | Date acquired | Source of acquisition | Total Checkouts | Full call number | Date last seen | Copy number | Koha item type |
|---|---|---|---|---|---|---|---|---|---|---|---|---|---|---|
| Dewey Decimal Classification | Not For Loan | Fiction | Central Library, University of Rajshahi | Central Library, University of Rajshahi | Reading Room | 20/04/1967 | U.S.A | B 813 LUG 1965 | 30/01/2017 | C-1 | Books |